[Event "ROM-ch U14 Girls"]
[Site "Calimanesti"]
[Date "2015.04.05"]
[Round "8"]
[White "Pirosca, Lavinia"]
[Black "Stan, Andreea"]
[Result "0-1"]
[WhiteElo "1001"]
[BlackElo "1329"]
[PlyCount "120"]
[EventDate "2015.03.30"]
[EventType "swiss"]
[EventRounds "9"]
[EventCountry "ROU"]
[SourceTitle "CBM 165 Extra"]
[Source "ChessBase"]
[SourceDate "2015.04.21"]
[SourceVersion "1"]
[SourceVersionDate "2015.04.21"]
[SourceQuality "1"]

1. d4 d5 2. c4 e6 3. g3 Nf6 4. Bg2 Nc6 5. Nf3 h6 6. 0-0 Be7 7. b3 0-0 8. Nbd2 Ne4 9. Bb2 f6 10. Qc2 Nxd2 11. Nxd2 f5 12. Qc3 Bf6 13. e3 Qd7 14. Rfe1 Ne7 15. f3 c5 16. Qd3 cxd4 17. exd4 Nc6 18. Re2 dxc4 19. Qxc4 Bxd4+ 20. Bxd4 Qxd4+ 21. Qxd4 Nxd4 22. Re5 Bd7 23. Kf2 Bc6 24. Rc1 Rac8 25. Rd1 Bb5 26. Bf1 Bxf1 27. Nxf1 Rfd8 28. Rde1 Rc2+ 29. R5e2 Rxe2+ 30. Rxe2 Nxe2 31. Kxe2 Kf7 32. Ne3 h5 33. h4 Kf6 34. Nc4 g5 35. Na5 Rd7 36. f4 gxf4 37. gxf4 e5 38. Ke3 e4 39. Nc4 Rd3+ 40. Ke2 Rh3 41. a4 Rxh4 42. Nd6 Rxf4 43. Nxb7 h4 44. b4 h3 45. Ke3 Kg5 46. b5 h2 47. a5 h1Q 48. b6 axb6 49. a6 Qe1+ 50. Kd4 Qa1+ 51. Kd5 Qxa6 52. Nd6 Qa8+ 53. Ke6 e3 54. Ke5 Qh8+ 55. Kd5 Qd4+ 56. Kc6 Qc3+ 57. Kd7 Rd4 58. Ke8 Rxd6 59. Ke7 Qc7+ 60. Ke8 Rd8# 0-1